Del exilio / (Record no. 10844)
[ view plain ]
| 000 -CABECERA | |
|---|---|
| campo de control de longitud fija | 01131nam a2200265 a 4500 |
| 001 - NÚMERO DE CONTROL | |
| campo de control | 000011119 |
| 005 - FECHA Y HORA DE LA ÚLTIMA TRANSACCIÓN | |
| campo de control | 20240412074223.0 |
| 008 - DATOS DE LONGITUD FIJA--INFORMACIÓN GENERAL | |
| campo de control de longitud fija | 091014s190u dr 000 p spa d |
| 040 ## - FUENTE DE LA CATALOGACIÓN | |
| Centro catalogador/agencia de origen | DO-SdBNP |
| Lengua de catalogación | spa |
| Centro/agencia transcriptor | BNPHU |
| 082 ## - NÚMERO DE LA CLASIFICACIÓN DECIMAL DEWEY | |
| Número de clasificación | RD861.42 |
| Número de documento/Ítem | S197d |
| 049 ## - FONDOS LOCALES (OCLC) | |
| Fondos de biblioteca | BNPD |
| 100 1# - ENTRADA PRINCIPAL--NOMBRE DE PERSONA | |
| Nombre de persona | Sanabia, Rafael Emilio |
| 9 (RLIN) | 26438 |
| 245 10 - MENCIÓN DE TÍTULO | |
| Título | Del exilio / |
| Mención de responsabilidad, etc. | Rafael Emilio Sanabia; prólogo Víctor M. de Castro. |
| 260 ## - PUBLICACIÓN, DISTRIBUCIÓN, ETC. | |
| Lugar de publicación, distribución, etc. | Santo Domingo : |
| Nombre del editor, distribuidor, etc. | Arte y Cine, |
| Fecha de publicación, distribución, etc. | [19--]. |
| 300 ## - DESCRIPCIÓN FÍSICA | |
| Extensión | 35 p. ; |
| Dimensiones | 23 cm. |
| 505 0# - NOTA DE CONTENIDO CON FORMATO | |
| Título | Contiene : Tres cantos heróicos a una raza extinguida -- |
| -- | Los clarines triunfales -- |
| -- | Nostalgia de la patria (Desde el ostracismo). |
| 563 ## - NOTA DE ENCUADERNACIÓN | |
| Nota de encuadernación | Tres obras publicadas juntas con paginación contínua. |
| 650 #0 - PUNTO DE ACCESO ADICIONAL DE MATERIA--TÉRMINO DE MATERIA | |
| Término de materia o nombre geográfico como elemento de entrada | Poesía dominicana |
| 9 (RLIN) | 66 |
| 650 #0 - PUNTO DE ACCESO ADICIONAL DE MATERIA--TÉRMINO DE MATERIA | |
| Término de materia o nombre geográfico como elemento de entrada | Literatura dominicana. |
| 9 (RLIN) | 67 |
| 700 12 - PUNTO DE ACCESO ADICIONAL--NOMBRE DE PERSONA | |
| Nombre de persona | Sanabia, Rafael Emilio. |
| Título de la obra | Tres cantos heróicos a una raza extinguida. |
| 9 (RLIN) | 26629 |
| 700 12 - PUNTO DE ACCESO ADICIONAL--NOMBRE DE PERSONA | |
| Nombre de persona | Sanabia, Rafael Emilio. |
| Título de la obra | Los clarines triunfales. |
| 9 (RLIN) | 26630 |
| 700 12 - PUNTO DE ACCESO ADICIONAL--NOMBRE DE PERSONA | |
| Nombre de persona | Sanabia, Rafael Emilio. |
| Título de la obra | Nostalgia de la patria (Desde el ostracismo) |
| 9 (RLIN) | 26631 |
| 700 12 - PUNTO DE ACCESO ADICIONAL--NOMBRE DE PERSONA | |
| Nombre de persona | Castro, Víctor M. de. |
| Término indicativo de función/relación | pról. |
| 9 (RLIN) | 26632 |
| 910 ## - DATOS DE OPCIÓN DEL USUARIO (OCLC) | |
| Datos de opción del usuario | Validado. Control de calidad MFF |
| Estado de retiro | Estado de pérdida | No para préstamo | Código de colección | Localización permanente | Ubicación/localización actual | Ubicación en estantería | Fecha de adquisición | Número de inventario | Total de préstamos | Signatura topográfica completa | Código de barras | Fecha visto por última vez | Precio válido a partir de | Tipo de ítem Koha | Número de copia |
|---|---|---|---|---|---|---|---|---|---|---|---|---|---|---|---|
| Excluido de préstamo | Patrimonio Dominicano | Patrimonio Dominicano | Patrimonio Dominicano | Depósito | 14.10.2009 | LF1 | RD861.42 S197d | 11119-10 | 25.06.2020 | 25.06.2020 | Libro y Folleto Colección Patrimonio Dominicano | ||||
| Excluido de préstamo | Patrimonio Dominicano | Patrimonio Dominicano | Patrimonio Dominicano | En catalogación | 22.02.2011 | LF1 | RD861.42 S197d | 11119-20 | 25.06.2020 | 25.06.2020 | Libro y Folleto Colección Patrimonio Dominicano | e.2 |
